000 00986nam a22002177a 4500
003 DO-CoUTE
005 20260521140217.0
008 260521b dr ||||| |||| 00| 0 spa d
040 _aDO-CoUTE
_bspa
_cDO-CoUTE
082 _aRD972.93o77m
100 1 _aOrtega, J. Elpidio
_eAutor
245 1 0 _aManantial de la Aleta y la Arqueologia en el parque Nacional del este /
_cElpidio J. Ortega y Gabriel Atiles
260 _aSanto Domingo, República Dominicana :
_bAcademia de Ciencias de la República Dominicana,
_c2003
300 _a155 Paginas :
_bFotografías ;
_c18cm,
504 _aIncluye referencia bibliográfica e índice.
505 _aExcavations (Archaeology) -- Dominican Republic Dominican Republic -- Antiquities Aleta, Manantial de la (Dominican Republic) -- Antiquities Parque Nacional del Este (Dominican Republic) -- Antiquities
650 4 _aPublicaciones
700 1 _aElpidio J. Ortega
_eAutor
700 1 _aGabriel Atiles
_eAutor
942 _2ddc
_cBK
999 _c24217
_d24217